| 000 | 00897cam a2200169 i 4500 | ||
|---|---|---|---|
| 082 |
_a940.27 _bPET |
||
| 100 | 1 |
_aPetre, F. Loraine _950025 |
|
| 245 | 1 | 0 |
_aNapoleon's campaign in Poland, 1806-7 : _ba military history of Napoleon's first war with Russia, verified from unpublished official documents / _cby F. Loraine Petre ; with maps, plans and sixteen full page illustrations. |
| 250 | _a[3d ed.] | ||
| 260 |
_aLondon : _bJ. Lane, _c1907. |
||
| 300 |
_axxiii, 354 p., 16 leaves of plates : _bill., fold. maps, fold. plans ; _c23 cm. |
||
| 500 | _aIncludes index. | ||
| 505 | 0 | _apt. 1. The situation and the contending armies.-- pt. II. The first campaign--Pultusk and Golymin.--pt. III. The campaign of Eylau.--pt. IV. Winter quartes, and Danzing.--pt. V. The final triumph--Heilsberg, Friedland, Tilsit. | |
| 526 |
_a0 _b0 _c0 _d940_270000000000000_PET |
||
| 650 |
_aMCE _9379 |
||
| 942 |
_2ddc _cBK |
||
| 999 |
_c552857 _d552857 |
||